000 00776nam a2200229Ii 4500
003 JO-AjNU
008 230605s9999||||xx |||||||||||||| ||und||
017 _a2001/8/1736
020 _a9957-00-163-9
040 _aJO-AjNU
_bara
_erda
_cJO-AjNU
041 _aara
050 1 4 _aPJ6106 2001
100 3 _aتاليف الحجاوي، عارف أحمد,
_eauthor
_910342
245 0 0 _aقواعد اللغة العربية شرح شامل مع أمثلة
250 _aط1
264 3 1 _aعمان: دار الشروق،2001
300 _a328ص
336 _atext
_btxt
_2rdacontent
337 _aunmediated
_bn
_2rdamedia
338 _avolume
_bnc
_2rdacarrier
650 4 _aاللغة العربية-قواعد اللغة العربية-شرح قواعد مع أمثلة
_910343
999 _aA1758
_c5326
_d5326